Producción, ciencia y sociedad de Descartes a Marx
Збережено в:
| Автор: | |
|---|---|
| Формат: | Книга |
| Мова: | Undetermined |
| Опубліковано: |
México, Distrito Federal
Siglo Veintiuno
1978
|
| Редагування: | 7 |
| Предмети: | |
| Теги: |
Додати тег
Немає тегів, Будьте першим, хто поставить тег для цього запису!
|
MARC
| LEADER | 00000nam a2200000Ia 4500 | ||
|---|---|---|---|
| 008 | 170316s9999 xx 000 0 und d | ||
| 090 | |a 100 L-2p | ||
| 100 | |a Labastida, Jaime | ||
| 245 | |a Producción, ciencia y sociedad de Descartes a Marx | ||
| 250 | |a 7 | ||
| 260 | |a México, Distrito Federal | ||
| 260 | |b Siglo Veintiuno | ||
| 260 | |c 1978 | ||
| 300 | |a 233 páginas | ||
| 650 | |a FILOSOFÍA | ||
| 650 | |a POLÍTICA | ||
| 999 | |c 16775 |d 16775 | ||
| 040 | |a cru BVZT | ||
| 942 | |c 15 D |h 100 L-2p |2 z | ||
